Most Mountainous Countries in the World - Statistics

General Stats
  • This quiz has been taken 99 times
  • The average score is 6 of 10
Answer Stats
Hint Answer % Correct
80.7% Nepal
97%
98.8% Bhutan
91%
83.6% Switzerland
81%
91.9% Tajikistan
74%
90.7% Kyrgyzstan
69%
85.9% Armenia
67%
90.5% Lesotho
41%
89.3% Montenegro
33%
85.5% North Macedonia
26%
81.1% Lebanon
25%
No matching quizzes found
Score Distribution
Percent of People with Each Score
Percentile by Number Answered
Your Score History
You have not taken this quiz